| 000 | 01314nam a2200325Ia 4500 | ||
|---|---|---|---|
| 003 | GCL | ||
| 008 | 140319s9999 xx 000 0 ara d | ||
| 020 | _a0262314977 | ||
| 040 |
_aGCL / _cGCL |
||
| 082 | 0 | 4 |
_a953 _bم م |
| 100 | 1 | _aمحمد حمزة اسماعيل الحداد | |
| 245 | 1 | 0 |
_aالمجمل فى الاثار والحضارة الاسلامية / _cمحمد حمزة اسماعيل الحداد |
| 250 | _aالاولى | ||
| 260 |
_aالقاهرة : _bمكتبة زهراء الشرق ، _c2006 |
||
| 300 |
_aمتعدد ؛ _c24 سم |
||
| 650 | 0 | 4 | _aالتاريخ الاسلامى |
| 650 | 0 | 4 | _aالعمارة الاسلامية |
| 650 | 0 | 4 | _aالاثار الاسلامية |
| 650 | 0 | 4 | _aالعلوم عند العرب |
| 650 | 0 | 4 | _aالتطور الاجتماعى |
| 650 | 0 | 4 | _aالحضارة الاسلامية |
| 650 | 0 | 4 | _aالزخرفة |
| 650 | 0 | 4 | _aالفن الاسلامى |
| 650 | 0 | 4 | _aالتصوير الاسلامى |
| 650 | 0 | 4 | _aالحضارة الاسلامية - تاريخ - العصور الوسطى |
| 650 | 0 | 4 | _aالحضارة الاسلامية - الاحوال الاجتماعية |
| 650 | 0 | 4 | _aالحضارة العربية الاسلامية |
| 650 | 0 | 4 | _aالحضارة الاسلامية - الاحوال الاقتصادية |
| 942 |
_2ddc _cBK |
||
| 999 |
_c8236 _d8236 |
||